[Event "Marshall Chess Club IM 2020"]
[Site "New York"]
[Date "2020.02.28"]
[Round "4"]
[White "Bonin, Jay"]
[Black "Cezila Jr, Rubens"]
[Result "*"]
[WhiteElo "2258"]
[BlackElo "2299"]
[Annotator "TA"]
[PlyCount "162"]
[EventDate "2020.02.27"]
[EventType "tourn"]
[EventCountry "USA"]
[SourceTitle "playchess.com"]
[Source "ChessBase"]
[SourceQuality "1"]

{[%evp 9,162,-15,-13,-28,-21,-18,-15,-18,-1,-6,-1,-37,-18,-40,0,0,6,0,0,0,3,0,
0,-17,28,10,33,29,28,12,44,44,97,101,97,100,104,87,80,84,99,96,101,93,101,99,
100,106,106,100,109,99,77,78,162,136,131,148,148,138,145,132,137,119,128,126,
122,114,109,0,0,0,0,0,2,0,0,0,0,0,0,0,0,0,4,0,0,0,0,0,0,0,0,0,0,0,0,0,0,0,0,0,
0,0,0,0,0,0,0,0,0,0,0,0,0,0,0,0,0,0,0,0,0,0,0,0,0,0,8,0,0,0,0,0,0,0,0,0,0,0,0,
0,0,0,0,0,0,0,0,0,0,0,0,0,0]} 1. b3 g6 2. Bb2 Nf6 3. Bxf6 exf6 4. c4 d5 5. cxd5
Qxd5 6. Nc3 {A01: Nimzowitsch-Larsen Opening.} Qa5 {[#]} 7. a3 $1 {[%mdl 512]
7.a3 is better than 7.g3.} c6 ({Don't blunder} 7... Bxa3 $2 8. Nb1 $18) 8. e3
Bg7 9. b4 Qd8 10. Bc4 {[#]} O-O $146 ({Predecessor:} 10... a5 11. b5 c5 12.
Nge2 Nd7 13. Ba2 O-O 14. O-O f5 {1/2-1/2 (14) Bauer,C (2624)-Naiditsch,A (2698)
Zuerich 2015}) 11. Nge2 Nd7 12. d4 a5 13. O-O Nb6 14. Bb3 Qe7 15. b5 Rd8 16.
Nf4 Bh6 17. Qf3 a4 18. Ba2 $1 Bxf4 19. Qxf4 cxb5 20. Nxb5 Ra5 ({Black should
try} 20... Bf5 $14) 21. Qc7 $16 Qxc7 22. Nxc7 Bf5 23. Rfc1 Nc8 24. f3 Nd6 25.
e4 Bd7 26. Rab1 Rc8 27. Nd5 Rxc1+ 28. Rxc1 Kg7 29. Nb6 Be8 30. d5 Kf8 31. Rc7
Ra6 (31... Bb5 $16 {was necessary.}) 32. Nc8 Nxc8 33. Rxc8 {[%mdl 4096]
Endgame KRB-KRB} Rb6 34. f4 $1 Ke7 {Threatening ...Rb2.} 35. e5 Kd7 {[#]} 36.
Rb8 $1 fxe5 37. fxe5 f6 {[#]} 38. e6+ $1 Ke7 39. d6+ (39. Bc4 $16) 39... Rxd6
$11 {The position is equal.} 40. Rxb7+ Kd8 41. Bc4 h5 (41... Rc6 {feels hotter.
} 42. e7+ Kc8 43. Rb4 Rd6 44. Kf1 h5) 42. Kf2 Rc6 43. Rb4 Rc7 44. Ke3 Ke7 45.
Kd4 Rc8 46. Rb7+ Kd6 47. Rg7 g5 48. Rg8 Rd8 49. Kc3 Ke7 50. Kb4 Rb8+ 51. Kc3
Rd8 52. Rg7+ Kd6 53. Kd4 Rc8 54. g3 Rb8 55. Ra7 Rc8 56. h3 Rd8 57. g4 Kc6+ 58.
Ke4 Bg6+ 59. Ke3 hxg4 60. hxg4 Kc5 61. Rxa4 Be8 62. Rb4 Ra8 63. Bd3 Rxa3 64.
Rd4 Ra7 65. Rd8 Re7 66. Bf5 Bc6 67. Rf8 Bd5 68. Rxf6 Kd6 69. Kd4 Rb7 70. Rf8 {
Black must now prevent Rd8+.} Rb4+ 71. Kc3 Rb3+ 72. Kc2 {aiming for Rd8+.} Rb7
73. Rd8+ Ke5 74. Rd7 {Hoping for e7.} Rb8 75. e7 {Threatens to win with Rd8.}
Re8 $1 76. Bg6 Be4+ 77. Bxe4 Kxe4 78. Kc3 Kf4 79. Kd4 Kxg4 80. Ke5 Kf3 81. Kf6
g4 {White really could win this. Accuracy: White = 97%, Black = 91%.} *

[Event "Marshall Chess Club IM 2020"]
[Site "New York"]
[Date "2020.02.28"]
[Round "4"]
[White "Bonin, Jay"]
[Black "Cezila Jr, Rubens"]
[Result "1/2-1/2"]
[WhiteElo "2258"]
[BlackElo "2299"]
[Annotator "TA"]
[PlyCount "162"]
[EventDate "2020.02.27"]
[EventType "tourn"]
[EventCountry "USA"]
[SourceTitle "playchess.com"]
[Source "ChessBase"]
[SourceQuality "1"]

{[%evp 9,162,-20,-12,-25,-22,-20,-14,-22,-6,-18,4,-37,-39,-52,0,-2,0,0,0,0,0,
-29,-11,-18,25,25,16,14,33,30,41,47,91,91,89,83,91,80,84,84,93,97,87,88,114,
111,99,102,100,97,109,85,66,72,152,119,117,112,125,118,120,118,120,127,108,121,
121,103,87,0,0,0,0,-7,1,0,0,0,0,0,0,0,0,0,0,0,0,0,0,0,0,0,0,0,0,0,0,0,0,0,0,0,
0,0,0,0,0,0,0,0,0,0,8,0,0,0,0,0,0,0,0,0,0,0,0,0,0,0,23,0,0,0,0,0,0,0,0,0,0,0,0,
0,0,0,0,0,0,0,0,0,0,0,0,0,0]} 1. b3 g6 2. Bb2 Nf6 3. Bxf6 exf6 4. c4 d5 5. cxd5
Qxd5 6. Nc3 {A01: Nimzowitsch-Larsen Opening.} Qa5 {[#]} 7. a3 $1 {[%mdl 512]
The main line 7.a3 scores better than 7.g3.} c6 ({Don't go for} 7... Bxa3 $2 8.
Nb1 $18) 8. e3 Bg7 9. b4 Qd8 10. Bc4 {[#]} O-O $146 ({Predecessor:} 10... a5
11. b5 c5 12. Nge2 Nd7 13. Ba2 O-O 14. O-O f5 {1/2-1/2 (14) Bauer,C (2624)
-Naiditsch,A (2698) Zuerich 2015}) 11. Nge2 Nd7 (11... b5 $5 {[%cal Rb5c4]} 12.
Ba2 a5 $11) 12. d4 a5 13. O-O Nb6 14. Bb3 Qe7 15. b5 Rd8 16. Nf4 Bh6 17. Qf3 a4
18. Ba2 Bxf4 19. Qxf4 cxb5 20. Nxb5 Ra5 21. Qc7 Qxc7 22. Nxc7 Bf5 23. Rfc1 Nc8
24. f3 Nd6 25. e4 Bd7 26. Rab1 Rc8 27. Nd5 Rxc1+ 28. Rxc1 Kg7 29. Nb6 Be8 30.
d5 Kf8 31. Rc7 Ra6 (31... Bb5 $142) 32. Nc8 Nxc8 33. Rxc8 $16 {[%mdl 4096]
Endgame KRB-KRB} Rb6 34. f4 Ke7 {With the idea ...Rb2.} 35. e5 Kd7 {[#]} 36.
Rb8 $1 fxe5 37. fxe5 f6 {[#]} 38. e6+ $1 Ke7 39. d6+ ({White should try} 39.
Bc4 $16) 39... Rxd6 $11 40. Rxb7+ Kd8 41. Bc4 h5 (41... Rc6 {keeps more
tension.} 42. e7+ Kc8 43. Rb4 Rd6 44. Bb5 Bxb5 45. Rxb5 Kd7) 42. Kf2 Rc6 43.
Rb4 Rc7 44. Ke3 Ke7 45. Kd4 Rc8 46. Rb7+ Kd6 47. Rg7 g5 48. Rg8 Rd8 49. Kc3 Ke7
50. Kb4 Rb8+ 51. Kc3 Rd8 52. Rg7+ Kd6 53. Kd4 Rc8 54. g3 Rb8 55. Ra7 Rc8 56. h3
Rd8 57. g4 Kc6+ 58. Ke4 Bg6+ 59. Ke3 hxg4 60. hxg4 Kc5 61. Rxa4 Be8 62. Rb4 Ra8
63. Bd3 Rxa3 64. Rd4 {And now Rd8 would win.} Ra7 65. Rd8 Re7 66. Bf5 Bc6 67.
Rf8 Bd5 68. Rxf6 Kd6 69. Kd4 Rb7 {The position is equal.} 70. Rf8 Rb4+ 71. Kc3
Rb3+ 72. Kc2 {Rd8+ is the strong threat.} Rb7 73. Rd8+ Ke5 74. Rd7 {Threatens
to win with e7.} Rb8 75. e7 {Black must now prevent Rd8.} Re8 $1 76. Bg6 Be4+
77. Bxe4 Kxe4 78. Kc3 Kf4 79. Kd4 Kxg4 80. Ke5 Kf3 81. Kf6 g4 {Accuracy: White
= 94%, Black = 92%.} 1/2-1/2

[Event "Marshall Chess Club IM 2020"]
[Site "New York"]
[Date "2020.02.28"]
[Round "4"]
[White "Hallaeva, Bahar"]
[Black "Yudasin, Leonid"]
[Result "0-1"]
[WhiteElo "2170"]
[BlackElo "2481"]
[Annotator "TA"]
[PlyCount "80"]
[EventDate "2020.02.27"]
[EventType "tourn"]
[EventCountry "USA"]
[SourceTitle "playchess.com"]
[Source "ChessBase"]
[SourceQuality "1"]

{[%evp 20,80,49,24,52,6,25,0,0,0,0,7,0,-25,-33,-23,0,0,28,0,26,16,16,-53,0,0,0,
0,0,-9,-9,-18,-17,-21,-19,-14,-13,-34,-7,-9,-8,-11,0,-12,-8,-12,-4,-15,-12,-20,
-4,-10,-4,-83,-83,-85,-85,-111,-54,-64,-6,-29995,-29996]} 1. e4 c5 2. c3 Nf6 3.
e5 Nd5 4. Nf3 Nc6 5. Bc4 e6 6. O-O d6 7. d4 cxd4 8. cxd4 Be7 9. Qe2 Nb6 10. Bb3
d5 11. Nc3 Bd7 {B22: Sicilian: 2 c3.} 12. Be3 Rc8 13. Rac1 a6 {The position is
equal.} 14. Bc2 Nc4 15. Bb1 {[#]} b5 $146 ({Predecessor:} 15... Nxe3 16. fxe3
O-O 17. e4 dxe4 18. Qxe4 g6 19. Qf4 f5 20. d5 exd5 21. Nxd5 Be6 22. Nxe7+ Qxe7
{0-1 (42) Roussey,Q (1911)-Devallee,J (2166) Besancon 2014}) 16. a3 Qb6 17. Bd3
Nxe3 18. fxe3 O-O 19. Kh1 Qa7 20. Nd2 g6 21. Rf3 (21. b4 $11) 21... f6 (21...
b4 $15 22. axb4 Nxb4) 22. exf6 $11 Rxf6 23. Rxf6 Bxf6 24. Rf1 Rf8 25. Nf3 Qb8
26. Qd2 Qd6 27. Bb1 Bg7 28. Re1 b4 29. axb4 Qxb4 30. Bd3 a5 31. Qf2 a4 32. Ra1
Na5 33. Qc2 Nc4 $36 {[%mdl 2048] Black fights for an advantage.} 34. Bxc4 Qxc4
35. Nd2 Qb4 36. Na2 (36. Nf3 $11 {remains equal.}) 36... Qb6 $17 37. Nc3 Bh6
38. Re1 {[#]} Qb4 ({Better is} 38... Rc8 $1 $17 39. Kg1 Qb4) 39. Nf3 $15 Bg7 (
39... Rb8 $15 40. Qd3 Be8) 40. Na2 $2 {[%mdl 8192] [#]} (40. h3 $11) 40...
Qxe1+ $1 {[%mdl 576] Double Attack. Accuracy: White = 64%, Black = 79%.} 0-1

[Event "Marshall Chess Club IM 2020"]
[Site "New York"]
[Date "2020.02.29"]
[Round "5"]
[White "Yudasin, Leonid"]
[Black "Noboa Silva, Kevin"]
[Result "1/2-1/2"]
[WhiteElo "2481"]
[BlackElo "2329"]
[Annotator "TA"]
[PlyCount "58"]
[EventDate "2020.02.27"]
[EventType "tourn"]
[EventCountry "USA"]
[SourceTitle "playchess.com"]
[Source "ChessBase"]
[SourceQuality "1"]

{[%evp 12,58,13,13,12,0,35,26,48,20,20,0,0,2,7,16,19,7,27,13,27,31,14,0,0,0,0,
0,0,0,0,0,16,8,11,11,11,11,11,14,56,46,72,8,8,8,15,-22,-16]} 1. e4 e6 2. Qe2 c5
3. Nf3 Nc6 4. g3 d6 5. Bg2 Nf6 6. O-O Be7 7. c3 O-O {C00: French: Unusual
White 2nd moves.} 8. Rd1 Bd7 {8...b6 is becoming the main line.} 9. d4 cxd4 {
White has an edge.} 10. cxd4 d5 {[#]} 11. exd5 $146 ({Predecessor:} 11. e5 Ne4
12. Be3 f6 13. exf6 Bxf6 14. Nc3 Nd6 15. b3 Nf5 16. Rac1 Kh8 17. Qd2 {1-0 (72)
Schwabeneder,F (2403)-Milov,L (2463) Germany 2019}) 11... Nxd5 12. Nc3 Nxc3 13.
bxc3 Rc8 14. Bf4 Qa5 15. Qd3 Rfd8 16. a4 Be8 17. h4 h6 18. Nd2 Nb8 19. Nc4 Qa6
20. Bf1 Nd7 $1 21. Nd6 Bxd6 22. Qxa6 bxa6 23. Bxd6 {[#] Hoping for Be7.} Rxc3
24. Be7 $36 {[%mdl 2048] White has some pressure.} Rb8 25. a5 Rbb3 26. Rdc1 Nb8
{[#]} 27. Rxc3 (27. Bc4 $1 $16 {[%cal Rc4b3]} Rxc1+ 28. Rxc1) 27... Rxc3 $11 {
The position is equal.} 28. Bc5 Bb5 29. Bxa7 {Threatens to win with Bxb5.} Bxf1
{Accuracy: White = 82%, Black = 88%.} 1/2-1/2

[Event "Marshall Chess Club IM 2020"]
[Site "New York"]
[Date "2020.02.29"]
[Round "5"]
[White "Sarkar, Justin"]
[Black "Nestorovic, Nikola"]
[Result "1/2-1/2"]
[WhiteElo "2373"]
[BlackElo "2469"]
[Annotator "TA"]
[PlyCount "103"]
[EventDate "2020.02.27"]
[EventType "tourn"]
[EventCountry "USA"]
[SourceTitle "playchess.com"]
[Source "ChessBase"]
[SourceQuality "1"]

{[%evp 9,103,21,27,26,29,13,17,0,53,50,52,43,76,70,61,0,0,0,0,0,0,0,18,28,27,
39,30,34,26,33,35,12,25,18,39,5,13,6,101,108,85,85,104,104,115,75,79,87,78,78,
87,80,76,68,73,75,99,39,39,31,35,34,97,24,24,12,14,16,15,0,0,0,0,0,0,0,0,0,0,0,
0,0,0,0,0,0,0,0,0,0,0,0,0,0,0,0]} 1. d4 Nf6 2. c4 e6 3. Nf3 a6 4. Nc3 d5 5.
cxd5 exd5 6. Bg5 {D37: Queen's Gambit Declined: 5 Bf4.} Be6 7. Bxf6 Qxf6 8. Qb3
b6 (8... b5 $11) 9. g3 $14 ({Don't play} 9. Nxd5 Qd8 $15) 9... Qd8 {[#]} 10.
Ne5 $146 ({Predecessor:} 10. Bg2 Nd7 11. O-O Be7 12. Ne1 c6 13. Nd3 f5 14. Bh3
g6 15. e4 fxe4 16. Bxe6 exd3 {1/2-1/2 (87) Ringoir,T (2501)-Yu,J (2278)
Charlotte 2019}) 10... Bd6 11. Qa4+ Nd7 12. Qc6 (12. Nc6 $1 $14 b5 13. Nxd8
bxa4 14. Nxe6 fxe6 15. Nxa4) 12... Bxe5 $11 13. dxe5 O-O 14. f4 d4 15. Ne4 Nc5
{[#] And now ...Bd5 would win.} 16. Bg2 $1 Nxe4 17. Bxe4 Qe7 18. O-O Ra7 19.
Rfd1 Rd8 20. Qc2 g6 21. Bc6 f6 22. e3 fxe5 23. fxe5 Qc5 (23... dxe3 $11 {
remains equal.} 24. Rxd8+ Qxd8) 24. Qxc5 $16 bxc5 25. Rac1 Bxa2 26. Rxc5 d3 27.
Rc3 (27. e4 {keeps more tension.} Kf7 28. Kf2 Rb8 29. Rd2 Ke7 30. Ke3) 27...
Be6 28. Rcxd3 Rxd3 29. Rxd3 {[%mdl 4096] Endgame KRB-KRB} a5 30. Ra3 Ra6 31.
Bb5 Rb6 32. Rxa5 Kf7 33. Bd3 (33. h4 $16) 33... Rxb2 $14 34. Ra7 Rb3 35. Rxc7+
Kg8 (35... Kf8 $1 $14) 36. Bf1 (36. Rd7 $16) 36... Rxe3 $11 37. Re7 Bd5 {
The position is equal.} 38. Kf2 Rf3+ 39. Ke2 {[#] Threatens to win with Bg2.}
Ra3 {White must now prevent ...Bc4+.} 40. Kd2 Ra2+ 41. Ke3 Rxh2 42. Kd4 Kf8 43.
Ra7 Bf7 44. Bc4 Bxc4 45. Kxc4 {KR-KR} Rg2 46. Rxh7 Rxg3 47. Kd5 Ra3 48. e6 Ke8
49. Ke5 Re3+ 50. Kf6 {[%cal Rh7h8]} Rf3+ 51. Kxg6 Rf1 52. Kg5 {Accuracy: White
= 87%, Black = 87%.} 1/2-1/2

[Event "Marshall Chess Club IM 2020"]
[Site "New York"]
[Date "2020.02.29"]
[Round "5"]
[White "Cezila Jr, Rubens"]
[Black "Lund, Silas"]
[Result "1-0"]
[WhiteElo "2299"]
[BlackElo "2340"]
[Annotator "TA"]
[PlyCount "85"]
[EventDate "2020.02.27"]
[EventType "tourn"]
[EventCountry "USA"]
[SourceTitle "playchess.com"]
[Source "ChessBase"]
[SourceQuality "1"]

{[%evp 9,85,21,22,17,25,5,11,8,12,-22,0,-22,20,10,12,5,15,14,38,17,43,43,56,41,
39,43,50,15,15,24,25,22,37,0,12,14,31,0,172,176,181,-264,-95,-86,-79,-83,-76,
-87,-76,-99,-72,-82,-106,-77,-77,-96,-31,-32,-31,-45,-41,-61,137,125,138,141,
219,138,559,554,725,683,726,701,670,661,29988,29988]} 1. e4 e5 2. Nf3 Nc6 3.
Bb5 Nf6 4. d3 Bc5 5. Bxc6 dxc6 6. Nbd2 {C65: Ruy Lopez: Berlin Defence (3...
Nf6), unusual lines and 4 0-0 Bc5.} Be6 {6...Nd7 is a critical line. Played by
Hikaru Nakamura in February 2020.} 7. Qe2 Nd7 8. Nb3 {The position is equal.}
Bb6 9. Bd2 {[#]} Qf6 $146 ({Predecessor:} 9... f6 10. Bc3 c5 11. Nbd2 Nb8 12.
a4 a6 13. Nc4 Nc6 14. a5 Ba7 15. b3 Nd4 16. Nxd4 cxd4 {0-1 (85) Li,D (2450)
-Chen,Q (2432) Tianjin 2018}) 10. Bc3 c5 11. Nbd2 c6 12. a4 Bc7 13. b3 O-O-O
14. a5 g5 15. Nc4 Bg4 16. b4 cxb4 17. Bxb4 Bxf3 18. gxf3 c5 19. Ba3 Rhe8 20.
O-O Re6 21. Ne3 Qh6 22. Nf5 Qh3 23. Kh1 Nf6 $2 ({Don't play} 23... Bxa5 24.
Bxc5 $1 {[%mdl 512]} Bc3 25. Be7 $14) (23... f6 $11 {and Black has nothing to
worry.}) 24. Bxc5 $18 Nh5 {Hoping for ...Nf4.} 25. Be3 $4 {[%mdl 8192] [#]} (
25. Rg1 $18 {and all is fine.}) 25... Nf4 $2 (25... Ng7 $1 $19 {[%cal Rg7f5]
[%mdl 512] is more deadly.} 26. Bxg5 (26. a6 $2 Nxf5 27. axb7+ Kxb7 $19) (26.
Nxg7 Rh6) 26... Nxf5 27. exf5 e4) 26. Bxf4 $17 exf4 27. Rfe1 {[#]} Rd5 $1 {
[%cal Rd5f5] ...Rxf5 is the strong threat.} 28. Qf1 Qxf3+ 29. Qg2 Qxg2+ 30.
Kxg2 Rxa5 31. Rxa5 Bxa5 {[%mdl 4096] Endgame KRB-KRN} 32. Ra1 Bb6 (32... Bc7
$17) 33. Kf3 $15 a5 34. d4 Bc7 35. e5 f6 $2 (35... b5 $15 {stays ahead.}) 36.
Ng7 $16 {[%mdl 1024] White has strong compensation.} Ra6 37. e6 {Threatens to
win with e7.} Bd8 (37... Bd6 $16 {was necessary.}) 38. c4 {And now d5 would
win.} f5 $2 {[%mdl 8192] This costs Black the game.} (38... Be7 $16 {is a
better chance.}) 39. d5 $18 Bf6 40. Re1 Kd8 41. Nxf5 a4 42. d6 {Intending e7+
and mate.} a3 {Threatening ...Ra8.} 43. e7+ {Accuracy: White = 76%, Black =
54%.} 1-0

[Event "Marshall Chess Club IM 2020"]
[Site "New York"]
[Date "2020.02.29"]
[Round "5"]
[White "Fikiet, Alex"]
[Black "Bonin, Jay"]
[Result "1-0"]
[WhiteElo "2217"]
[BlackElo "2258"]
[Annotator "TA"]
[PlyCount "94"]
[EventDate "2020.02.27"]
[EventType "tourn"]
[EventCountry "USA"]
[SourceTitle "playchess.com"]
[Source "ChessBase"]
[SourceQuality "1"]

{[%evp 9,94,27,30,20,27,27,22,21,37,27,37,26,60,49,58,60,48,52,165,156,256,267,
270,145,150,138,136,126,124,125,123,135,137,125,151,145,163,160,175,173,195,
190,189,194,195,167,167,166,168,168,168,167,193,142,147,148,156,128,143,139,
157,125,139,118,127,113,145,159,168,168,271,274,275,275,275,271,262,265,309,
225,224,221,258,258,258,0,213]} 1. d4 Nf6 2. c4 e6 3. Nf3 a6 4. Nc3 d5 5. cxd5
exd5 6. Bg5 {D37: Queen's Gambit Declined: 5 Bf4.} Be7 7. e3 c6 8. Bd3 Nbd7 9.
Qc2 Nf8 10. Ne5 Ng4 {And now ...Nxe5 would win.} 11. Bxe7 Qxe7 12. Nxg4 Bxg4
13. O-O Ng6 {[#]} (13... Nd7 $14) 14. Rae1 $1 $18 {[#]} Bf3 $146 (14... Qh4 $16
15. Qb3 Bc8) ({Predecessor:} 14... O-O 15. f4 Rad8 16. f5 Nh4 17. Qf2 Qf6 18.
Qf4 Bh5 19. g4 g5 20. Qg3 c5 21. dxc5 Qc6 22. gxh5 f6 23. Ne2 Qxc5 24. Nd4 {
1-0 (24) Kozak,M (2235)-Folta,J (1963) Ostrava 2003}) 15. gxf3 Nh4 16. Kh1 (16.
f4 $18) 16... Nxf3 $16 {( -> ...Qh4!)} 17. Qd1 Qf6 18. Be2 Nxe1 19. Qxe1 O-O
20. Rg1 Rae8 21. Qf1 Qh6 22. Bd3 f5 23. Ne2 Kh8 24. Qg2 g6 25. Qg3 Rf6 26. h4
Rg8 27. Qg5 Qxg5 28. hxg5 Rd6 29. Nf4 a5 30. Kg2 Kg7 31. Be2 (31. Rh1 $18)
31... Rh8 32. Nd3 h6 33. gxh6+ Rxh6 34. Nc5 b6 35. Nd3 g5 36. Rc1 Rh4 37. Kg1
Rdh6 {[#]} 38. Bf3 $1 f4 39. exf4 gxf4 (39... Re6 $142 40. Kg2 (40. fxg5 Rxd4
41. Ne1 Kg6 $11) 40... gxf4) 40. Ne5 $18 Rh3 41. Bg2 R3h5 42. Rxc6 ({Don't take
} 42. Nxc6 $6 Rg6 $18) 42... Rxc6 43. Nxc6 Kf6 44. Ne5 Ke6 45. Kf1 Rh2 46. Ng6
Kf5 47. Ne5 Ke6 {Accuracy: White = 80%, Black = 69%.} 1-0

[Event "Marshall Chess Club IM 2020"]
[Site "New York"]
[Date "2020.02.29"]
[Round "5"]
[White "Prilleltensky, Matan"]
[Black "Hallaeva, Bahar"]
[Result "1-0"]
[WhiteElo "2097"]
[BlackElo "2170"]
[Annotator "TA"]
[PlyCount "59"]
[EventDate "2020.02.27"]
[EventType "tourn"]
[EventCountry "USA"]
[SourceTitle "playchess.com"]
[Source "ChessBase"]
[SourceQuality "1"]

{[%evp 19,59,18,36,21,57,64,75,72,72,72,93,85,108,69,326,216,868,866,839,826,
1201,1230,1154,1007,29989,29990,29991,1110,1088,466,495,416,1670,1664,1557,
1420,1362,1322,5481,1394,1296,1224]} 1. d4 Nf6 2. Nf3 e6 3. e3 b6 4. Bd3 Bb7 5.
O-O Be7 6. c4 O-O 7. Nc3 d5 8. cxd5 exd5 9. b3 Nbd7 10. Bb2 Re8 11. Ne5 {
E14: Queen's Indian: Classical Variation (4 e3).} Nxe5 12. dxe5 Nd7 13. f4 {
White is better.} ({Weaker is} 13. Qh5 g6 $17) 13... Bc5 14. Qe2 {[#]} d4 $146
({Predecessor:} 14... Nxe5 15. fxe5 Rxe5 16. Nd1 Bxe3+ 17. Nxe3 d4 18. Qf2 Rg5
19. Qxf7+ Kh8 20. Bxd4 {1-0 (20) Hildebrand,G-Berndt,M Germany North 1982}) 15.
Ne4 dxe3 16. Rad1 {Hoping for b4!} Qc8 $2 {[%mdl 8192]} ({Black should play} 
16... Qe7 $1 $14) 17. Kh1 a5 $2 (17... h6 18. Qg4 Nxe5 19. Nf6+ {[%mdl 64]
Double Attack} Kh8 20. fxe5 (20. Bxe5 Qxg4 21. Nxg4 h5 $11) 20... Qxg4 21. Nxg4
Rad8) 18. Ng5 $18 {Black must now prevent Qh5!} Nf8 {[#]} 19. e6 $1 {[%mdl 512]
aiming for Qh5.} Rxe6 {[#]} (19... fxe6 20. Qh5) 20. Qh5 $1 {[%mdl 512]} Rg6
21. f5 $1 {[%cal Rf5g6]} ({Not} 21. Bc4 Qf5 $11) 21... Qe8 22. fxg6 hxg6 {[#]}
23. Qg4 (23. Bxg6 $142 $1 {[%mdl 512]} Bxg2+ {[%mdl 64] Decoy} (23... fxg6 24.
Rxf8+) 24. Kxg2 Qc6+ 25. Be4 $1 {[%mdl 576] Skewer} Qh6 26. Rxf7 Qxg5+ {
[%mdl 64] Remove Defender} 27. Qxg5 Kxf7 28. Qxg7+ Ke8 29. Bc6+ Nd7 30. Qxd7+ {
[%mdl 64] Double Attack} Kf8 31. Qg7#) 23... Bd5 {[#]} 24. Rde1 (24. Nxf7 $142
$1 {[%mdl 512]} Be6 {[#]} (24... Bxf7 25. Rxf7) 25. Nh6+ $1 {[%mdl 512]} Kh8
26. Qf4) 24... Rd8 25. Bc4 Bb4 {[#]} (25... f6 $142 26. Bxd5+ Rxd5) 26. Rxf7 $1
{[%mdl 576] X-Ray Attack. White is clearly winning.} Bxf7 27. Bxf7+ Qxf7 28.
Nxf7 Re8 29. Re2 Kxf7 30. Qc4+ {[%mdl 64] Double Attack. Black got outplayed
after the opening. Accuracy: White = 58%, Black = 37%.} 1-0

[Event "Marshall Chess Club IM 2020"]
[Site "New York"]
[Date "2020.02.29"]
[Round "6"]
[White "Nestorovic, Nikola"]
[Black "Hallaeva, Bahar"]
[Result "1-0"]
[WhiteElo "2469"]
[BlackElo "2170"]
[Annotator "TA"]
[PlyCount "111"]
[EventDate "2020.02.27"]
[EventType "tourn"]
[EventCountry "USA"]
[SourceTitle "playchess.com"]
[Source "ChessBase"]
[SourceQuality "1"]

{[%evp 9,111,9,16,10,10,14,33,26,29,25,22,27,34,38,34,27,46,13,10,10,40,26,38,
40,40,35,44,38,101,102,103,97,98,103,102,81,95,92,97,68,141,87,95,89,102,87,
105,102,129,102,143,84,85,85,82,84,84,84,129,118,183,194,174,175,175,181,195,
183,180,125,124,120,312,305,434,461,401,387,471,471,463,435,504,473,696,661,
29971,29972,29971,29973,29973,29974,29974,29974,29974,29975,29980,29981,29981,
29980,29982,29983,29983,29984]} 1. e4 e5 2. Nf3 Nc6 3. Bc4 Nf6 4. d3 Bc5 5. c3
O-O 6. a4 {C54: Giuoco Piano: 4 c3 Nf6, main lines with 5 d4 and 5 d3.} a5 7.
O-O d5 8. exd5 {White is slightly better.} Nxd5 9. Nbd2 Nb6 10. Bb5 f6 {[#]}
11. d4 $1 {[%mdl 512]} exd4 12. Nb3 Bd6 13. Nbxd4 Ne5 14. Nxe5 Bxe5 15. Qb3+ {
[#]} Kh8 $146 ({Predecessor:} 15... Qd5 16. Qxd5+ Nxd5 17. Bc4 c6 18. Bxd5+
cxd5 19. Nb5 Bd7 20. Rd1 Rfd8 21. Be3 Bc6 {1/2-1/2 (39) Demchenko,A (2589)
-Georgescu,T (2475) Iasi 2015}) 16. Rd1 $36 {[%mdl 2048] Black is under
pressure.} Qe7 17. Be3 Bg4 18. Re1 Qf7 (18... c5 $14) 19. Qxf7 $16 Rxf7 {[#]}
20. h3 $1 {[%cal Rh3g4]} Bd7 21. Nf3 Bxb5 22. Nxe5 fxe5 23. axb5 Nc4 24. Bc1
Rf5 ({Black should play} 24... Re7 $14) 25. b3 (25. Ra4 $142 Nb6 26. Rae4)
25... Nd6 26. c4 b6 27. Ba3 Re8 28. Rad1 Rf6 29. Rd5 e4 30. Re3 (30. Bxd6 $142
Rxd6 31. Rxd6 cxd6 32. f4) 30... Kg8 31. Bxd6 Rxd6 32. Rxd6 cxd6 {[%mdl 4096]
Endgame KR-KR} 33. f3 Kf7 34. Rxe4 ({Much less strong is} 34. fxe4 Ke6 $14)
34... Ra8 (34... Rd8 $16) 35. Kf2 $18 a4 36. bxa4 Rxa4 37. Ke3 {Hoping for Kd4.
} Ra2 38. g3 Rg2 39. Kf4 (39. g4 $18) 39... Rd2 $16 40. h4 d5 $2 {[#] Black
cannot hold the game after this.} (40... Rd3 $16) 41. Ke3 $1 $18 {[%cal Re3d2]}
Rb2 (41... Rd1 $142 42. Ke2 Rb1 43. cxd5 Rxb5) 42. cxd5 Rxb5 43. Kd4 Rb1 44. d6
Rd1+ 45. Ke5 Rd3 46. g4 Rxf3 (46... Ke8 $142 47. Rc4 Re3+ 48. Kf4 Re6) 47. Kd5
Rc3 48. d7 {White mates.} Rd3+ 49. Kc6 Rc3+ 50. Kxb6 Rb3+ 51. Kc7 Rc3+ 52. Kd8
Rd3 53. Re7+ Kf8 54. Re8+ Kf7 55. Kc7 Rc3+ 56. Kb6 {Accuracy: White = 89%,
Black = 62%.} 1-0

[Event "Marshall Chess Club IM 2020"]
[Site "New York"]
[Date "2020.02.29"]
[Round "6"]
[White "Sarkar, Justin"]
[Black "Cezila Jr, Rubens"]
[Result "1/2-1/2"]
[WhiteElo "2373"]
[BlackElo "2299"]
[Annotator "TA"]
[PlyCount "26"]
[EventDate "2020.02.27"]
[EventType "tourn"]
[EventCountry "USA"]
[SourceTitle "playchess.com"]
[Source "ChessBase"]
[SourceQuality "1"]

{[%evp 10,26,20,20,20,20,20,12,19,20,16,16,6,6,8,0,13,0,7]} 1. e4 c5 2. Nf3 d6
3. d4 cxd4 4. Qxd4 e5 5. Bb5+ Nd7 6. Qd3 {The position is equal.} a6 {B51:
Sicilian: Moscow Variation (3 Bb5+) without 3...Bd7.} 7. Bxd7+ Bxd7 8. c4 b5 9.
Nc3 {[%cal Rc4b5]} bxc4 10. Qxc4 Be6 11. Qc6+ Bd7 12. Qc4 Be6 13. Qc6+ Bd7 {
An uneventful encounter.} 1/2-1/2